| 000 | 00369nam a2200157Ia 4500 | ||
|---|---|---|---|
| 008 | 210210b1926 xxu||||| |||| 00| 0 eng d | ||
| 041 | _aeng | ||
| 082 | _a822/644 | ||
| 100 | _aKNOX (E V) | ||
| 245 | _aGorgeous times | ||
| 260 |
_aLondon _bMethuen and Company Limited _c1926 |
||
| 650 | _atimes | ||
| 650 | _aGorgeous | ||
| 690 | _aEnglish Prose | ||
| 906 | _a012830 | ||
| 999 |
_c131652 _d131652 |
||